000 00499nam a22001817a 4500
005 20251108164216.0
008 250721s1989 xx 000 0 ara d
082 1 4 _a210.413343/أشق
100 1 _aالأشقر، عمر سليمان
245 1 0 _aعالم السحر و الشعوذة /
264 1 _aالكويت :
_bدار النفائس،
_c1989.
300 _a345 ص.
650 1 7 _aالإسلام
650 1 7 _aالسحر
650 1 7 _aالتنجيم
942 _2ddc
_cBK
999 _c6393
_d6393